| 000 | 07402nam a22006735i 4500 | ||
|---|---|---|---|
| 001 | 978-3-031-83567-4 | ||
| 003 | DE-He213 | ||
| 005 | 20260304124458.0 | ||
| 007 | cr nn 008mamaa | ||
| 008 | 251001s2025 sz | s |||| 0|eng d | ||
| 020 |
_a9783031835674 _9978-3-031-83567-4 |
||
| 024 | 7 |
_a10.1007/978-3-031-83567-4 _2doi |
|
| 050 | 4 | _aJF20-2112 | |
| 072 | 7 |
_aJPQ _2bicssc |
|
| 072 | 7 |
_aPOL028000 _2bisacsh |
|
| 072 | 7 |
_aJPQ _2thema |
|
| 082 | 0 | 4 |
_a320.4 _223 |
| 245 | 1 | 0 |
_aHorizontal Intergovernmental Coordination at Local and Regional Levels _h[electronic resource] : _bEvidence from Europe and Beyond / _cedited by Nathalie Behnke, Bettina Petersohn. |
| 250 | _a1st ed. 2025. | ||
| 264 | 1 |
_aCham : _bSpringer Nature Switzerland : _bImprint: Palgrave Macmillan, _c2025. |
|
| 300 |
_aXXXV, 482 p. 13 illus. _bonline resource. |
||
| 336 |
_atext _btxt _2rdacontent |
||
| 337 |
_acomputer _bc _2rdamedia |
||
| 338 |
_aonline resource _bcr _2rdacarrier |
||
| 341 | 0 |
_bPDF/UA-1 _2onix |
|
| 341 | 0 |
_bTable of contents navigation _2onix |
|
| 341 | 0 |
_bSingle logical reading order _2onix |
|
| 341 | 0 |
_bShort alternative textual descriptions _2onix |
|
| 341 | 0 |
_bUse of color is not sole means of conveying information _2onix |
|
| 341 | 0 |
_bUse of high contrast between text and background color _2onix |
|
| 341 | 0 |
_bNext / Previous structural navigation _2onix |
|
| 341 | 0 |
_bAll non-decorative content supports reading without sight _2onix |
|
| 347 |
_atext file _bPDF _2rda |
||
| 505 | 0 | _aPart I: Introduction -- 1: Horizontal coordination: challenge and dimensions -- Part II: Country Reports -- 2: Horizontal intergovernmental relations in Albania -- 3: Horizontal intergovernmental relations in Belgium -- 4: Horizontal intergovernmental relations in Bosnia and Herzegovina -- 5: Horizontal intergovernmental relations in Estonia -- 6: Horizontal intergovernmental relations in Georgia -- 7: Horizontal intergovernmental relations in Germany -- 8: Horizontal intergovernmental relations in Greece -- 9: Horizontal intergovernmental relations in Iceland -- 10: Horizontal intergovernmental relations in Israel -- 11: Horizontal intergovernmental relations in Latvia -- 12: Horizontal intergovernmental relations in Lithuania -- 13: Horizontal intergovernmental relations in Norway -- 14: Horizontal intergovernmental relations in Poland -- 15: Horizontal intergovernmental relations in Portugal -- 16: Horizontal intergovernmental relations in Romania -- 17: Horizontal intergovernmental relations in Serbia -- 18: Horizontal intergovernmental relations in Spain -- 19: Horizontal intergovernmental relations in Sweden -- 20: Horizontal intergovernmental relations in Turkey -- 21: Horizontal intergovernmental relations in the UK.-Part III: Case studies -- 22: Government task forces as instruments of horizontal coordination -- 23: Cross-border functional areas in sustainable development -- 24: Cross-border coordination in South Tyrol: lessons from closed borders during the pandemic -- 25: Local policy networks and citizen participation in education in Portugal -- 26: Regional coordination in intergovernmental councils: comparison of federal and non-federal countries -- 27: Green finance in Turkey: coordination and regulation of fiscal policies -- 28: Forestry and local development in Slovakia -- 29: Danish-German cross-border cooperation -- 30: Intergovernmental coordination of data standards assessed through the lens of Ostrom’s governance principles -- Part IV: Conclusion -- 31: Conclusion: patterns and practices of horizontal coordination. | |
| 506 | 0 | _aOpen Access | |
| 520 | _a“Nathalie Behnke and Bettina Petersohn have made a significant contribution by shedding light on the dynamics of horizontal intergovernmental coordination from various angles and perspectives. I am confident that this volume will be an invaluable resource for scholars, policymakers, and practitioners seeking to understand the importance of effective horizontal coordination and multilevel governance." – Felix Knüpling, Vice President, Forum of Federations The most pressing policy challenges of our time require complex and coordinated strategies that transcend territorial borders. Issues such as climate mitigation, sustainable development and the migration crisis all require policy solutions that compel sub-national governments at regional and local level to coordinate intensely with others across policy sectors, territorial units and state boundaries. Yet horizontal coordination is often rendered difficult due to complexities and high transaction costs, both in terms of time and effort. Adopting a comparative approach, this open access volume provides a unifying perspective and a shared conceptual tool-kit for analysing the nature, intricacies and possibilities of horizontal coordination at local and regional level. It also offers guidelines and recommendations for achieving coordination in everyday policymaking. Bringing together scholars and practitioners from twenty European countries, the book provides profound insights into patterns of horizontal coordination across the continent. It will appeal to scholars and students of public administration, public policy, governance and territorial politics, as well as practitioners and policy makers. Nathalie Behnke is Professor and Head of the working group 'Public Administration, Public Policy' at the Institute of Political Science, Technical University of Darmstadt, Germany. Bettina Petersohn is Senior Lecturer in Politics at Swansea University, UK. | ||
| 532 | 8 | _aAccessibility summary: This PDF has been created in accordance with the PDF/UA-1 standard to enhance accessibility, including screen reader support, described non-text content (images, graphs), bookmarks for easy navigation, keyboard-friendly links and forms and searchable, selectable text. We recognize the importance of accessibility, and we welcome queries about accessibility for any of our products. If you have a question or an access need, please get in touch with us at accessibilitysupport@springernature.com. Please note that a more accessible version of this eBook is available as ePub. | |
| 532 | 8 | _aNo reading system accessibility options actively disabled | |
| 532 | 8 | _aPublisher contact for further accessibility information: accessibilitysupport@springernature.com | |
| 650 | 0 |
_aPolitical science. _9522 |
|
| 650 | 0 |
_aComparative government. _9521 |
|
| 650 | 0 | _aPublic administration. | |
| 650 | 1 | 4 |
_aGovernance and Government. _9527 |
| 650 | 2 | 4 |
_aComparative Politics. _9526 |
| 650 | 2 | 4 | _aPublic Administration. |
| 700 | 1 |
_aBehnke, Nathalie. _eeditor. _0(orcid)0000-0002-2735-4998 _1https://orcid.org/0000-0002-2735-4998 _4edt _4http://id.loc.gov/vocabulary/relators/edt _923771 |
|
| 700 | 1 |
_aPetersohn, Bettina. _eeditor. _4edt _4http://id.loc.gov/vocabulary/relators/edt _923772 |
|
| 710 | 2 | _aSpringerLink (Online service) | |
| 773 | 0 | _tSpringer Nature eBook | |
| 776 | 0 | 8 |
_iPrinted edition: _z9783031835667 |
| 776 | 0 | 8 |
_iPrinted edition: _z9783031835681 |
| 776 | 0 | 8 |
_iPrinted edition: _z9783031835698 |
| 856 | 4 | 0 | _uhttps://doi.org/10.1007/978-3-031-83567-4 |
| 912 | _aZDB-2-POS | ||
| 912 | _aZDB-2-SXPI | ||
| 912 | _aZDB-2-SOB | ||
| 999 |
_c579861 _d579861 |
||